000 00763nam a2200181Ia 4500
008 100917s9999 xx 000 0 und d
082 _b26356
100 _aवाघोलीकर ह. भा.
245 _aज्ञानसाधकांच्या कथा पु.11 वे (आवृत्ती 1ली)
260 _bजयन्त आणि कंपनी
_c1974
300 _a108
365 _b4
520 _aबालविभाग
630 _aज्ञानसाधकांच्या कथा पु.11 वे (आवृत्ती 1ली)
650 _aबालविभाग
730 _aज्ञानसाधकांच्या कथा पु.11 वे (आवृत्ती 1ली)
942 _cBOOK
999 _c631750
_d631747